Culture Générale – Thèmes Langues & Littérature - Statistiques

Statistiques générales
  • Ce quiz a été pris 65 fois
  • Le résultat moyen est 9 sur 20
Statistiques - réponses
Questions Réponses % Correct
Qui a écrit Germinal ? Émile Zola
89%
Quelle princesse à la particularité d'avoir les cheuveux extrêmement longs ? Raiponce
78%
Quel est le participe passé du verbe anglais "to dig" ? Dug
69%
Dans les œuvres d'Agatha Cristie comme Morts sur le Nil et le crime de l'Orient Express, comment se nomme l'enquêteur ? Hercule Poirot
69%
Dans ce groupe nominal "un silence assourdissant", quelle figure de style est utilisée ? Oxymore
67%
Qui a écrit Madame Bovary ? Gustave Flaubert
65%
Dans l'Étranger, dans quelle ville Meursault commet-il un meutre ? Alger
55%
Français : quel est le participe présent du verbe "feindre" ? Feignant
55%
Que signifie en français "αγοραφοβία" ? Agoraphobie
53%
De quoi ces gens-là ont peur ? Peur de la {foule}
51%
Quel autre œuvre célèbre du même auteur est publiée en 1844 ? Les Trois Mousquetaires
42%
Quel livre non religieux est traduit dans le plus de langues ? Le Petit Prince
40%
Dans la phrase : "Je suis content que tu aies réussi", à quel mode et temps est conjugué le verbe "réussir" ? Subjonctif passé
40%
Comment dit-on "glace" (à manger) en espagnol ? Helado
38%
Quelle autre langue que l'anglais est parlée en Nouvelle-Zélande ? Maori
38%
Dans le Comte de Monté-Cristo, comment s'appelle la prison où est enfermé Edmond Dantès ? Château d'If
31%
En quelle année ce livre a été publié ? 1885
29%
Combien de lettres comporte l'alphabet hébreu ? 22
20%
Comment dit-on "étoile" en portugais ? Estrela
11%
Quel est le pays qui compte le plus de langues parlées ? Papouasie Nouvelle-Guinée
9%
Aucun quiz correspondant
Distribution des résultats
% des personnes avec chaque résultat
Percentile par nombre de réponses
Votre historique - résultats
Vous n’avez pas pris ce quiz